000 02011cam a22002294a 4500
005 20250605164107.0
008 250528s ||||||||||||||||||||||||d
035 _a17778
020 _a9786188189607
040 _aGR-AtMCL
_bgre
_dGR-AtMCL
_eAACR2
245 1 _aΤο Σύγχρονο Σχολείο μέσα από το Πρίσμα των Ανθρωπιστικών και Κοινωνικών Επιστημών: Από τη Θεωρία στην Καθημερινή Πρακτική / 1ο Πανελλήνιο Επιστημονικό Συνέδριο: Περιλήψεις Πρακτικών Συνεδρίου
260 _bΙ.Α.Κ.Ε,
_c2015
300 _a192
520 _aΠροσκεκλημένοι Ομιλητές, Περιλήψεις Προφορικών Ανακοινώσεων, Δημιουργικότητα και Εκπαίδευση, Δημιουργικότητα και Εφαρμογές Τ.Π.Ε. στην Εκπαίδευση, Διαπολιτισμική Αγωγή, Διαδακτική Μεθοδολογία, Ειδική Αγωγή, Εκπαίδευση Ενηλίκων - Δια Βίου Μάθηση, Εκπαίδευση και Επιμόρφωση Εκπαιδευτικών, Εκπαιδευτική Αξιολόγηση, Εκπαιδευτική Έρευνα, Εκπαιδευτική Πολιτική, Εκπαιδευτική Ψυχολογία, Εφαρμογές Τ.Π.Ε. για την Εκπαίδευση, Ιστορία της Εκπαίδευσης, Καινοτομία στην Εκπαίδευση, Κοινωνιολογία της Εκπαίδευσης, Πολιτισμός και Εκπαίδευση, Εργαστήρια, Αρτημένες Ανακοινώσεις.
700 1 _aΚαδιανάκη Μαρία Ι
_94022
700 1 _aΜαράκη Ελένη Π
_94023
700 1 _aΜπελαδάκης Εμμανουήλ Δ
_94024
700 1 _aΠανταζής Σπύρος Χ
_94025
942 _cBK
999 _c3178
_d3178